| 000 | 00951nam a2200265 i 4500 | ||
|---|---|---|---|
| 003 | DO-SdBNP | ||
| 005 | 20240313182403.0 | ||
| 007 | ta | ||
| 008 | 100913s1985 dr r 000 0 spa d | ||
| 040 |
_aDO-SdBNP _bspa _cBNPHU _erda |
||
| 082 | 4 |
_a923.93 _bT853h _222 |
|
| 100 |
_aTroncoso, Jesús María _956303 _d1923- _eautor |
||
| 245 | 1 | 3 |
_aEl hallazgo de los restos de Colón : _brelato de un testigo presencial / _cJesús María Troncoso. |
| 264 |
_aSanto Domingo : _bSociedad Dominicana de Bibliófilos, _c1985. |
||
| 300 |
_a19 páginas ; _c20 cm. |
||
| 336 |
_2rdacontent _atexto _btxt |
||
| 337 |
_2rdamedia _asin mediación _bn |
||
| 338 |
_2rdacarrier _avolumen _bnc |
||
| 500 | _aIncluye notas al pie de páginas | ||
| 500 | _aEdición fascimilar : Ciudad Trujillo : 1941. | ||
| 590 | _aInventariado, 2022/ YL | ||
| 600 | 0 |
_aCOLÓN, CRISTOBAL, _d1436-1456 _919795 |
|
| 910 | _aYLockward.Validado. Control de calidad. MAA | ||
| 942 |
_2ddc _cLF2 |
||
| 999 |
_c21314 _d21314 |
||